000 00313nam a2200133 i 4500
001 bg
100 1 _aTOEGUEWILLA, Alexis
245 0 _aO demokracji w Ameryce /
_cAlexis Toeguewilla.
260 _aWarszawa,
_c1976.
040 _cBPK
041 _apol
942 _cKS
008 s pl f |000 0 pol
999 _c17410
_d17410
856 _uhttp://koha.tu.koszalin.pl/cgi-bin/koha/opac-detail.pl?biblionumber=17410
_yKatalog online BPK